[Event "Nikaia op 21st"]
[Site "Nikaia"]
[Date "2013.08.27"]
[Round "2"]
[White "Panagos, Theodoros"]
[Black "Poulopoulos, Ioannis"]
[Result "1/2-1/2"]
[WhiteElo "1790"]
[BlackElo "2079"]
[PlyCount "72"]
[EventDate "2013.08.26"]
[EventType "swiss"]
[EventRounds "9"]
[EventCountry "GRE"]
[SourceTitle "CBM 156 Extra"]
[Source "ChessBase"]
[SourceDate "2013.10.22"]
[SourceVersion "1"]
[SourceVersionDate "2013.10.22"]
[SourceQuality "1"]

1. Nf3 Nf6 2. c4 e6 3. b3 d5 4. Bb2 c5 5. e3 Nc6 6. cxd5 exd5 7. d4 Bd6 8. Be2 0-0 9. 0-0 Bg4 10. Nbd2 Re8 11. dxc5 Bxc5 12. Rc1 Bb6 13. h3 Bh5 14. Nd4 Bxd4 15. Bxd4 Bxe2 16. Bxf6 Bxd1 17. Bxd8 Bxb3 18. Nxb3 Raxd8 19. Rfd1 g6 20. Nc5 Na5 21. Rd3 b6 22. Na6 Re4 23. Rc7 Ra4 24. Rxa7 Nc6 25. Rc7 Ne5 26. Rd4 Rxa6 27. f4 Rxa2 28. fxe5 Re2 29. Rf4 Rf8 30. Rd7 Rxe3 31. Rxd5 Kg7 32. Kf2 Rb3 33. Rd7 Kg8 34. Kg1 Re3 35. Re7 Rb3 36. Rc4 Rb1+ 1/2-1/2

[Event "Wch U20 51st"]
[Site "Athens"]
[Date "2012.08.08"]
[Round "7"]
[White "Cajahuanca Ramirez, Olindo"]
[Black "Panagos, Theodoros"]
[Result "1-0"]
[WhiteElo "1856"]
[BlackElo "1768"]
[PlyCount "81"]
[EventDate "2012.08.02"]
[EventType "swiss"]
[EventRounds "13"]
[EventCountry "GRE"]
[SourceTitle "CBM 149 Extra"]
[Source "ChessBase"]
[SourceDate "2012.08.24"]
[SourceVersion "1"]
[SourceVersionDate "2012.08.24"]
[SourceQuality "1"]

1. d4 Nf6 2. c4 e6 3. Nc3 Bb4 4. Bg5 h6 5. Bh4 b6 6. e3 Bb7 7. Nf3 g5 8. Bg3 Ne4 9. Qc2 d6 10. Bd3 Bxc3+ 11. bxc3 f5 12. 0-0 Nd7 13. Nd2 Ndf6 14. f3 Nxg3 15. hxg3 Qe7 16. e4 fxe4 17. Nxe4 0-0-0 18. Rae1 Kb8 19. a4 Nh5 20. Qf2 a5 21. Re3 Bc6 22. Bc2 Qd7 23. Ra1 Rc8 24. c5 dxc5 25. dxc5 Bxe4 26. Rxe4 Nf6 27. Rd4 Qc6 28. cxb6 cxb6 29. Rb1 Ka7 30. Rc4 Ng4 31. Qd4 e5 32. Qxg4 h5 33. Rxc6 hxg4 34. Be4 gxf3 35. gxf3 b5 36. Rxb5 Rcd8 37. Rxa5+ Kb7 38. Rb5+ Ka7 39. Rc7+ Ka6 40. Bb7+ Ka7 41. Bd5+ 1-0

[Event "Wch U20 51st"]
[Site "Athens"]
[Date "2012.08.07"]
[Round "6"]
[White "Panagos, Theodoros"]
[Black "Arat, Ufuk Sezen"]
[Result "0-1"]
[WhiteElo "1768"]
[BlackElo "2124"]
[PlyCount "68"]
[EventDate "2012.08.02"]
[EventType "swiss"]
[EventRounds "13"]
[EventCountry "GRE"]
[SourceTitle "CBM 149 Extra"]
[Source "ChessBase"]
[SourceDate "2012.08.24"]
[SourceVersion "1"]
[SourceVersionDate "2012.08.24"]
[SourceQuality "1"]

1. e4 g6 2. d4 Bg7 3. Nc3 d6 4. f4 Nf6 5. Nf3 0-0 6. Bd3 Na6 7. 0-0 c5 8. Bxa6 cxd4 9. Nxd4 bxa6 10. Nb3 a5 11. a4 Qb6+ 12. Kh1 Qb4 13. Qe2 Be6 14. Nd2 Rac8 15. Qb5 Bc4 16. Nxc4 Rxc4 17. e5 dxe5 18. fxe5 Ng4 19. Nd5 a6 20. Nxe7+ Qxe7 21. Qxc4 Qh4 22. Bf4 g5 23. e6 gxf4 24. h3 Nf2+ 25. Kg1 Nxh3+ 26. gxh3 Qg3+ 27. Kh1 Qxh3+ 28. Kg1 Qg3+ 29. Kh1 f3 30. exf7+ Kh8 31. Rf2 Qxf2 32. Rg1 Qd4 33. Qxd4 Bxd4 34. Rg3 Rxf7 0-1

[Event "Attica-ch U16"]
[Site "Peristeri"]
[Date "2012.04.22"]
[Round "7"]
[White "Kalogridakis, Georgios"]
[Black "Panagos, Theodoros"]
[Result "1/2-1/2"]
[WhiteElo "1904"]
[BlackElo "1735"]
[PlyCount "42"]
[EventDate "2012.04.17"]
[EventType "swiss"]
[EventRounds "7"]
[EventCountry "GRE"]
[SourceTitle "EXT 2024"]
[Source "ChessBase"]
[SourceDate "2023.10.10"]
[SourceVersion "1"]
[SourceVersionDate "2023.10.10"]
[SourceQuality "1"]

1. e4 c5 2. Nf3 d6 3. d4 cxd4 4. Nxd4 Nf6 5. Nc3 a6 6. g3 e5 7. Nde2 Be7 8. Bg2 0-0 9. 0-0 h6 10. h3 b5 11. Be3 Bb7 12. g4 Nbd7 13. Ng3 Nb6 14. Qe2 Nc4 15. Bc1 Qc7 16. Nf5 Rfd8 17. a4 b4 18. Na2 d5 19. exd5 Nb6 20. f4 Bc5+ 21. Kh1 Bxd5 1/2-1/2

[Event "GRE-ch U18"]
[Site "Nikaia"]
[Date "2012.01.06"]
[Round "6"]
[White "Panagos, Theodoros"]
[Black "Tsiros, Fragkiskos Vlasios"]
[Result "0-1"]
[WhiteElo "1723"]
[BlackElo "1852"]
[PlyCount "198"]
[EventDate "2012.01.03"]
[EventType "swiss"]
[EventRounds "9"]
[EventCountry "GRE"]
[SourceTitle "CBM 146 Extra"]
[Source "ChessBase"]
[SourceDate "2012.02.29"]
[SourceVersion "1"]
[SourceVersionDate "2012.02.29"]
[SourceQuality "1"]

1. Nf3 Nf6 2. c4 c5 3. g3 d5 4. Bg2 Nc6 5. 0-0 e5 6. cxd5 Nxd5 7. d3 Be7 8. Nbd2 0-0 9. Nc4 f6 10. b3 Be6 11. Ne3 Nc7 12. Bb2 Qd7 13. Qc2 Rac8 14. Rac1 b6 15. Qb1 Nb5 16. Nc2 Rc7 17. Qa1 Rfc8 18. Rfe1 Nb4 19. Red1 a5 20. Na3 Nxa3 21. Bxa3 a4 22. Bxb4 cxb4 23. Qb2 Rxc1 24. Rxc1 Rxc1+ 25. Qxc1 axb3 26. axb3 Bxb3 27. Qb2 Qa4 28. Nd2 Be6 29. Qc1 b3 30. Qc6 Qxc6 31. Bxc6 Bb4 32. Nb1 b2 33. Ba4 Ba2 34. Bc2 Ba5 35. e3 f5 36. f4 exf4 37. gxf4 Kf7 38. Kf2 b5 39. d4 g6 40. e4 Kf6 41. exf5 gxf5 42. Ke3 Ke6 43. Na3 b4 44. Nb1 Bc4 45. Nd2 b3 46. Nxb3 Bb4 47. d5+ Kf6 48. Nd4 Ba2 49. Nxf5 b1Q 50. Bxb1 Bxb1 51. Ng3 Bc5+ 52. Kf3 Bb6 53. Ne4+ Kf5 54. Nc3 Bd3 55. d6 Ke6 56. Ne4 Kd5 57. Nf6+ Kxd6 58. Ne4+ Ke6 59. Ng5+ Kf6 60. Ne4+ Kf5 61. Ng3+ Kg6 62. Ne4 Ba6 63. Kg4 Bc8+ 64. Kg3 Bc7 65. Kf3 Kf5 66. Ng3+ Kg6 67. Ke3 Bb7 68. h3 Bb6+ 69. Ke2 Bc7 70. Ke3 h6 71. h4 Ba8 72. h5+ Kf6 73. Ne4+ Kf5 74. Ng3+ Kg4 75. Ne4 Bxf4+ 76. Kd3 Kxh5 77. Nf6+ Kh4 78. Ke2 h5 79. Nxh5 Kxh5 80. Kd3 Kg5 81. Kd4 Kf5 82. Kd3 Ke5 83. Kc4 Be4 84. Kc5 Bd5 85. Kb4 Kd4 86. Kb5 Bd6 87. Kb6 Kc4 88. Ka5 Bc6 89. Kb6 Kd5 90. Ka5 Kc5 91. Ka6 Bc7 92. Ka7 Be4 93. Ka6 Kc6 94. Ka7 Bd3 95. Ka8 Ba6 96. Ka7 Bc8 97. Ka8 Bf4 98. Ka7 Kc7 99. Ka8 Bb7+ 0-1

[Event "GRE-ch U18"]
[Site "Nikaia"]
[Date "2012.01.06"]
[Round "5"]
[White "Tsakiris, Haralambos"]
[Black "Panagos, Theodoros"]
[Result "1-0"]
[WhiteElo "1940"]
[BlackElo "1723"]
[PlyCount "91"]
[EventDate "2012.01.03"]
[EventType "swiss"]
[EventRounds "9"]
[EventCountry "GRE"]
[SourceTitle "CBM 146 Extra"]
[Source "ChessBase"]
[SourceDate "2012.02.29"]
[SourceVersion "1"]
[SourceVersionDate "2012.02.29"]
[SourceQuality "1"]

1. d4 d5 2. c4 e6 3. Nc3 Be7 4. cxd5 exd5 5. Qc2 g6 6. Bf4 c6 7. e3 Bf5 8. Bd3 Bxd3 9. Qxd3 Nf6 10. Nge2 Nbd7 11. Ng3 0-0 12. 0-0 Re8 13. f3 Nf8 14. Rad1 Ne6 15. Bh6 Bd6 16. Nce2 Bc7 17. e4 dxe4 18. fxe4 Ng4 19. Bc1 Bb6 20. h3 Ne5 21. Qc3 Nc7 22. Be3 Nd7 23. a4 Ne6 24. Kh1 Qe7 25. e5 Nc7 26. Nf4 c5 27. dxc5 Bxc5 28. Rxd7 Qxd7 29. Bxc5 Ne6 30. Ne4 Qxa4 31. Nf6+ Kh8 32. Nxe8 Rxe8 33. Nxe6 fxe6 34. Qf3 Qd7 35. Qf6+ Kg8 36. Bd6 a6 37. Kh2 b5 38. Rc1 Rc8 39. Qe7 Rd8 40. Qxd7 Rxd7 41. Rc8+ Kf7 42. Rc7 Ke8 43. Rxd7 Kxd7 44. b4 Kc6 45. Kg3 Kb6 46. Be7 1-0

[Event "GRE-ch U18"]
[Site "Nikaia"]
[Date "2012.01.04"]
[Round "3"]
[White "Mpletsas, Dimitris"]
[Black "Panagos, Theodoros"]
[Result "0-1"]
[WhiteElo "1005"]
[BlackElo "1723"]
[PlyCount "56"]
[EventDate "2012.01.03"]
[EventType "swiss"]
[EventRounds "9"]
[EventCountry "GRE"]
[SourceTitle "CBM 146 Extra"]
[Source "ChessBase"]
[SourceDate "2012.02.29"]
[SourceVersion "1"]
[SourceVersionDate "2012.02.29"]
[SourceQuality "1"]

1. e4 c5 2. Nc3 d6 3. Nf3 Nf6 4. Bc4 Nc6 5. Ng5 e6 6. d3 Be7 7. 0-0 a6 8. Be3 h6 9. Nf3 d5 10. exd5 exd5 11. Bb3 d4 12. Bd2 dxc3 13. Bxc3 0-0 14. Nd2 Nd4 15. a3 Nxb3 16. Nxb3 Nd5 17. Be5 Bd6 18. Bxd6 Qxd6 19. Qf3 Nf6 20. Rad1 Bg4 21. Qe3 Bxd1 22. Rxd1 Ng4 23. Qh3 Qf4 24. f3 Qe3+ 25. Kh1 Nf2+ 26. Kg1 Nxh3+ 27. Kh1 Qg1+ 28. Rxg1 Nf2# 0-1

[Event "Athens op 09"]
[Site "Athens"]
[Date "2011.09.28"]
[Round "5"]
[White "Panagos, Theodoros"]
[Black "Kesoglou, Konstantinos"]
[Result "0-1"]
[WhiteElo "1684"]
[BlackElo "2106"]
[PlyCount "100"]
[EventDate "2011.09.10"]
[EventType "swiss"]
[EventRounds "7"]
[EventCountry "GRE"]
[SourceTitle "CBM 144 Extra"]
[Source "ChessBase"]
[SourceDate "2011.10.28"]
[SourceVersion "1"]
[SourceVersionDate "2011.10.28"]
[SourceQuality "1"]

1. Nf3 Nf6 2. c4 e6 3. g3 d5 4. Bg2 dxc4 5. Qa4+ c6 6. Qxc4 Nbd7 7. b3 Nb6 8. Qc2 a5 9. d3 Nbd5 10. a3 Bd6 11. Bb2 Bc7 12. 0-0 0-0 13. Nbd2 Qe7 14. d4 Nb6 15. e3 Rd8 16. Ne4 Nxe4 17. Qxe4 a4 18. b4 Nc4 19. Qc2 Nxb2 20. Qxb2 f6 21. Rfd1 Bd7 22. Rac1 Be8 23. Ne1 Bd6 24. Nd3 Bf7 25. Bf3 e5 26. dxe5 fxe5 27. Nc5 Bxc5 28. Rxc5 Qf6 29. Rxd8+ Rxd8 30. Be4 Qd6 31. Qxe5 Qd1+ 32. Kg2 Re8 33. Qf4 Qd7 34. Qf5 Qxf5 35. Bxf5 Bd5+ 36. Kf1 Rd8 37. Ke2 g6 38. Rc3 gxf5 39. h4 Bb3 40. Rc5 Bd1+ 41. Ke1 Bf3 42. Rc1 Rd3 43. Ra1 Kf7 44. Kf1 Ke6 45. Ke1 Ke5 46. Rc1 b6 47. Ra1 c5 48. bxc5 bxc5 49. Kf1 c4 50. Ke1 c3 0-1

[Event "Nikaia op 17th"]
[Site "Nikaia"]
[Date "2009.08.22"]
[Round "1"]
[White "Panagos, Theodoros"]
[Black "Bagaturov, Giorgi"]
[Result "0-1"]
[WhiteElo "1560"]
[BlackElo "2478"]
[PlyCount "68"]
[EventDate "2009.08.22"]
[EventType "swiss"]
[EventRounds "9"]
[EventCountry "GRE"]
[SourceTitle "CBM 132 Extra"]
[Source "ChessBase"]
[SourceDate "2009.11.03"]
[SourceVersion "1"]
[SourceVersionDate "2009.11.03"]
[SourceQuality "1"]

1. Nf3 Nf6 2. c4 g6 3. b3 Bg7 4. Bb2 0-0 5. g3 c5 6. Bg2 Nc6 7. 0-0 d6 8. d4 Ne4 9. e3 e5 10. d5 Ne7 11. Nxe5 Nxf2 12. Rxf2 dxe5 13. Na3 Nf5 14. Nc2 h5 15. Ba3 b6 16. Rb1 a5 17. Bc1 h4 18. g4 Nh6 19. h3 f5 20. e4 fxg4 21. Rxf8+ Qxf8 22. Bxh6 Bxh6 23. hxg4 Qf4 24. Bf3 Qg3+ 25. Kh1 Bd7 26. Qe2 Rf8 27. Rf1 Qh3+ 28. Kg1 Bxg4 29. Bg2 Bxe2 30. Rxf8+ Kxf8 31. Bxh3 Bd3 32. Na3 Be3+ 33. Kh2 Bf4+ 34. Kg1 Bxe4 0-1

[Event "GRE-chT 37th"]
[Site "Kallithea"]
[Date "2009.07.09"]
[Round "9"]
[White "Panagos, Theodoros"]
[Black "Sahinidis, Evagelos"]
[Result "0-1"]
[WhiteElo "1560"]
[BlackElo "1726"]
[PlyCount "92"]
[EventDate "2009.07.03"]
[EventType "team-tourn"]
[EventRounds "9"]
[EventCountry "GRE"]
[SourceTitle "CBM 131 Extra"]
[Source "ChessBase"]
[SourceDate "2009.09.03"]
[SourceVersion "2"]
[SourceVersionDate "2009.09.16"]
[SourceQuality "1"]

1. e4 c5 2. Nf3 Nc6 3. d4 cxd4 4. Nxd4 g6 5. Nxc6 bxc6 6. Bd3 Bg7 7. 0-0 d6 8. c3 Nf6 9. Qc2 0-0 10. Rd1 Qc7 11. f3 d5 12. Nd2 Bb7 13. b3 Rfd8 14. Bb2 c5 15. exd5 Nxd5 16. Nc4 Rac8 17. Re1 Ba6 18. Rad1 e6 19. Ne3 Nxe3 20. Rxe3 c4 21. bxc4 Bxc4 22. Bxc4 Qxc4 23. Qb3 Rxd1+ 24. Qxd1 Qxa2 25. Qa1 Qxa1+ 26. Bxa1 Bf8 27. Rd3 Bc5+ 28. Kf1 Rb8 29. Rd1 Kf8 30. Ke2 Ke7 31. h3 a5 32. c4 f6 33. g4 Rb3 34. Bd4 Bxd4 35. Rxd4 Rb7 36. c5 Ra7 37. Ra4 Kd7 38. Kd3 Kc6 39. Kc4 g5 40. Ra2 e5 41. Ra4 h6 42. Ra3 a4 43. Kb4 Rb7+ 44. Kc4 Rd7 45. Kc3 Rd4 46. Ra2 Rf4 0-1